000 00784nam a22002417a 4500
005 20251108172632.0
008 250721s2001 xx 000 0 ara d
082 1 4 _a610,28/تحض
100 1 _aالخطيب، عماد
245 1 0 _aالتحضير النسيجي المجهري /
264 1 _aعمان :
_bدار اليازوري للنشر و التوزيع،
_c2001.
300 _a386 ص
650 1 7 _aمختبرات العينات
650 1 7 _aالمختبرات الكيميائية
650 1 7 _aالمعدات المخبريه
650 1 7 _aالشرائح
650 1 7 _aالأنسجة
700 1 _aأبوريان، خلود
700 1 _aقاسم، عاهد
700 1 _aالمغربي، نجاة
_eمولف مشارك
942 _2ddc
_cBK
999 _c84638
_d84638